[Event "Najdorf Mem Open A 2016"]
[Site "Warsaw POL"]
[Date "2016.07.15"]
[Round "8.36"]
[White "Hacker, Jonas"]
[Black "Johansson, Linus"]
[Result "1/2-1/2"]
[WhiteTitle "FM"]
[BlackTitle "IM"]
[WhiteElo "2275"]
[BlackElo "2425"]
[WhiteFideId "1270968"]
[BlackFideId "1711113"]
[EventDate "2016.07.08"]

1. e4 e6 2. d4 d5 3. Nc3 Nf6 4. e5 Nfd7 5. f4 c5 6. Nf3 Nc6 7. Be3 Qb6 8. Na4
Qa5+ 9. c3 c4 10. b4 Qc7 11. a3 Ne7 12. g3 Nb8 13. Bh3 b6 14. Nb2 Nbc6 15. Qc2
Ng6 16. Bd2 Nce7 17. a4 a6 18. Nd1 Nf5 19. Ne3 Nxe3 20. Bxe3 Be7 21. Ra2 Ra7 22.
O-O Bd8 23. Bc1 O-O 24. Ne1 b5 25. a5 Qc6 26. Ng2 Qe8 27. Ne3 Ne7 28. Qg2 Kh8
29. f5 exf5 30. Nxf5 Nxf5 31. Bxf5 Bxf5 32. Rxf5 Qe6 33. Raf2 Rd7 34. Rf1 Kg8
35. Qf2 f6 36. exf6 Rxf6 37. Rxf6 Bxf6 38. Re1 Qg4 39. Qe2 Qxe2 40. Rxe2 Kf7 41.
Kg2 h5 42. h3 Re7 43. Rxe7+ Bxe7 44. Kf3 Kg6 45. Bf4 Bf6 46. Be3 Kf5 47. Bd2 Bg5
48. Bxg5 Kxg5 49. Ke3 Kf5 50. Kf3 g6 51. Ke3 g5 52. Kf3 g4+ 53. hxg4+ hxg4+ 54.
Ke3 Kg5 55. Kf2 Kf6 56. Ke2 1/2-1/2

[Event "Najdorf Mem Open A 2016"]
[Site "Warsaw POL"]
[Date "2016.07.15"]
[Round "8.37"]
[White "Niekras, Dawid"]
[Black "Yilmazyerli, Mert"]
[Result "1/2-1/2"]
[BlackTitle "IM"]
[WhiteElo "2255"]
[BlackElo "2424"]
[WhiteFideId "1160451"]
[BlackFideId "6305962"]
[EventDate "2016.07.08"]

1. e4 g6 2. d4 Bg7 3. Nc3 d6 4. f4 Nf6 5. Nf3 O-O 6. Bd3 Nc6 7. Be3 e5 8. fxe5
dxe5 9. d5 Nd4 10. Nxe5 Nxd5 11. Bxd4 Nf4 12. Ne2 Nxe2 13. Bxe2 Qe7 14. Nxg6
fxg6 15. Bxg7 Qh4+ 16. g3 Qxe4 17. Qd4 Re8 18. O-O Qxd4+ 19. Bxd4 Rxe2 20. Rae1
Rxe1 21. Rxe1 Kf7 22. Rf1+ Kg8 23. Re1 Kf7 24. Rf1+ Kg8 25. Re1 Kf7 26. Rf1+ 1/2-1/2

[Event "Najdorf Mem Open A 2016"]
[Site "Warsaw POL"]
[Date "2016.07.15"]
[Round "8.38"]
[White "Yankelevich, Lev"]
[Black "Zochowski, Kacper"]
[Result "1-0"]
[WhiteElo "2415"]
[BlackElo "2248"]
[WhiteFideId "24684074"]
[BlackFideId "1125494"]
[EventDate "2016.07.08"]

1. d4 Nf6 2. c4 e6 3. Nc3 Bb4 4. Qc2 O-O 5. Nf3 d5 6. cxd5 exd5 7. Bf4 Ne4 8. e3
Bf5 9. Bd3 c5 10. dxc5 Nd7 11. c6 bxc6 12. O-O Bxc3 13. bxc3 Ndc5 14. Nd4 Bd7
15. c4 Nxd3 16. Qxd3 Re8 17. cxd5 cxd5 18. Rfc1 Rc8 19. Nb3 Be6 20. Rxc8 Qxc8
21. Rc1 Qd8 22. f3 Nd6 23. Qa6 Nc8 24. Nd4 Nb6 25. Qxa7 Nc4 26. Rb1 Qa8 27. Rb7
h6 28. h4 Kh7 29. Nxe6 Qxa7 30. Nf8+ Rxf8 31. Rxa7 Kg6 32. Kf2 Kh5 33. Rd7 g5
34. Rxd5 f5 35. Rxf5 Rxf5 36. g4+ Kg6 37. gxf5+ Kxf5 38. hxg5 hxg5 39. Bc7 g4
40. fxg4+ Kxg4 41. a4 Nb2 42. a5 Nd3+ 43. Ke2 Nc5 44. Bd6 Nd7 45. a6 Nb6 46. Bc7
Na8 47. Ba5 Kf5 48. Kd3 Ke5 49. Kc4 Kd6 50. Kb5 1-0

[Event "Najdorf Mem Open A 2016"]
[Site "Warsaw POL"]
[Date "2016.07.15"]
[Round "8.39"]
[White "Winiarski, Mikolaj"]
[Black "Menezes, Christoph"]
[Result "0-1"]
[BlackTitle "IM"]
[WhiteElo "2209"]
[BlackElo "2398"]
[WhiteFideId "1159984"]
[BlackFideId "1617001"]
[EventDate "2016.07.08"]

1. d4 Nf6 2. c4 g6 3. f3 d5 4. cxd5 Nxd5 5. e4 Nb6 6. Nc3 Bg7 7. Be3 O-O 8. Qd2
Nc6 9. O-O-O Qd6 10. Nb5 Qd7 11. Na3 a6 12. h4 Rd8 13. Ne2 Qe8 14. h5 Nxd4 15.
Nxd4 e5 16. hxg6 fxg6 17. Nc4 exd4 18. Bg5 Be6 19. Nxb6 cxb6 20. Bxd8 Bxa2 21.
Qc2 Qe6 22. Bxb6 Rc8 23. Bxd4 Bb3 24. Qc3 Rxc3+ 25. bxc3 Bxd1 26. Kxd1 Qa2 27.
Bxg7 Kxg7 28. c4 a5 29. Kc1 a4 30. Bd3 a3 0-1

[Event "Najdorf Mem Open A 2016"]
[Site "Warsaw POL"]
[Date "2016.07.15"]
[Round "8.40"]
[White "Lomasov, Semen"]
[Black "Kenneskog, Theodor"]
[Result "1/2-1/2"]
[WhiteTitle "FM"]
[BlackTitle "FM"]
[WhiteElo "2395"]
[BlackElo "2249"]
[WhiteFideId "24164879"]
[BlackFideId "1715011"]
[EventDate "2016.07.08"]

1. e4 c5 2. Nf3 d6 3. d4 cxd4 4. Nxd4 Nf6 5. Nc3 a6 6. Be3 e5 7. Nb3 Be6 8. f4
exf4 9. Bxf4 Nc6 10. Qe2 Be7 11. h3 Nd7 12. O-O-O Nce5 13. Kb1 O-O 14. Nd4 Rc8
15. Qe3 Qc7 16. g4 Nb6 17. Nf5 Bxf5 18. exf5 Na4 19. Rd2 Nxc3+ 20. Qxc3 Qxc3 21.
bxc3 Rxc3 22. Bxe5 dxe5 23. Rd7 Bh4 24. Bd3 b6 25. Rh2 a5 26. Re2 Bf6 27. Re4 h6
28. a4 1/2-1/2

[Event "Najdorf Mem Open A 2016"]
[Site "Warsaw POL"]
[Date "2016.07.15"]
[Round "8.41"]
[White "Nebolsina, Vera"]
[Black "Krysztofiak, Marcin"]
[Result "1/2-1/2"]
[WhiteTitle "WGM"]
[BlackTitle "IM"]
[WhiteElo "2226"]
[BlackElo "2384"]
[WhiteFideId "4163591"]
[BlackFideId "1114751"]
[EventDate "2016.07.08"]

1. e4 c6 2. d4 d5 3. exd5 cxd5 4. Bd3 Nc6 5. c3 Qc7 6. Ne2 Bg4 7. Na3 e6 8. Nb5
Qd7 9. Bf4 Rc8 10. Qd2 Bxe2 11. Qxe2 a6 12. Na3 Bxa3 13. bxa3 Nf6 14. Bg5 Na5
15. O-O Rxc3 16. Bd2 Rxa3 17. Bb4 Ra4 18. Bc5 Nc6 19. Qe3 Ne4 20. Bxe4 dxe4 21.
Qxe4 f6 22. Rab1 b5 23. Rfc1 Kf7 24. Bb6 Rc8 25. Qxh7 Rxa2 26. Rc3 Ne7 27. Rf3
Qd5 28. h4 Re2 29. Rg3 Rg8 30. Ra3 Qf5 31. Qxf5 Nxf5 32. Rxa6 Nxh4 33. Rxb5 Re1+
34. Kh2 Rh8 35. g3 Nf5+ 1/2-1/2

[Event "Najdorf Mem Open A 2016"]
[Site "Warsaw POL"]
[Date "2016.07.15"]
[Round "8.42"]
[White "Abdumalik, Zhansaya"]
[Black "Bus, Konrad"]
[Result "1-0"]
[WhiteTitle "WGM"]
[WhiteElo "2382"]
[BlackElo "2216"]
[WhiteFideId "13703544"]
[BlackFideId "1148362"]
[EventDate "2016.07.08"]

1. e4 e5 2. Nf3 Nc6 3. Bb5 a6 4. Ba4 Nf6 5. O-O Nxe4 6. d4 exd4 7. Re1 d5 8.
Nxd4 Bd6 9. Nc3 O-O 10. Nxe4 dxe4 11. Nxc6 bxc6 12. Bxc6 Rb8 13. Bxe4 Re8 14.
Bf3 Rxe1+ 15. Qxe1 Bf5 16. c3 Qe7 17. Qxe7 Bxe7 18. b3 Bf6 19. Bf4 Bxc3 20. Rc1
Ba5 21. Bxc7 Bxc7 22. Rxc7 Bb1 23. a3 h6 24. Bd5 Bg6 25. Ra7 Rd8 26. Ra8 Rxa8
27. Bxa8 Kf8 28. Kf1 Ke7 29. Ke2 Kd6 30. b4 Kc7 31. Bd5 Kb6 32. Bc4 f6 33. a4 a5
34. bxa5+ Kxa5 35. Bb5 Kb4 36. Ke3 Bf5 37. Kd4 Be6 38. Be8 g5 39. g3 Bb3 40. Bd7
h5 41. h4 Bc2 42. Kd5 1-0

[Event "Najdorf Mem Open A 2016"]
[Site "Warsaw POL"]
[Date "2016.07.15"]
[Round "8.43"]
[White "Reza, Wojciech"]
[Black "Lindgren, Philip"]
[Result "1-0"]
[BlackTitle "IM"]
[WhiteElo "2266"]
[BlackElo "2411"]
[WhiteFideId "1151967"]
[BlackFideId "1713230"]
[EventDate "2016.07.08"]

1. e4 e5 2. Nf3 Nc6 3. Bc4 Nf6 4. Ng5 d5 5. exd5 Na5 6. Bb5+ c6 7. dxc6 bxc6 8.
Be2 h6 9. Nh3 Be7 10. O-O O-O 11. Nc3 Rb8 12. d3 c5 13. Kh1 Bxh3 14. gxh3 Nc6
15. Rg1 Kh8 16. Bf3 Nd4 17. Bg2 Nh7 18. Re1 Bd6 19. Ne4 f5 20. Nxd6 Qxd6 21. c3
Nc6 22. f4 Rbe8 23. Qa4 Nd8 24. fxe5 Rxe5 25. Bf4 Rxe1+ 26. Rxe1 Qxd3 27. Kg1
Ng5 28. Bxg5 hxg5 29. Qxa7 Qd2 30. Qe7 Rf6 31. Qe2 Qd6 32. Qh5+ Kg8 33. Rd1 Qe7
34. Qxg5 Nf7 35. Bd5 Kh7 36. Qh4+ Nh6 37. Qe1 Rg6+ 38. Kh1 Qg5 39. Rd2 Qh5 40.
Qf1 Qh4 41. Rf2 Rd6 42. c4 Qd4 43. Rg2 Ra6 44. a3 Rb6 45. Qf2 Qf6 46. Qc2 Ra6
47. a4 Ra7 48. b3 Qh4 49. Qf2 Qxh3 50. Qxc5 Ra6 51. Rg3 Qh4 52. Qf2 Qe7 53. h3
Rf6 54. Qf4 Qe1+ 55. Kh2 Qe2+ 56. Kg1 Qd1+ 57. Qf1 Qd4+ 58. Qf2 Qd1+ 59. Kh2
Ng4+ 60. hxg4 fxg4 61. Qe3 Rh6+ 62. Kg2 Qh1+ 63. Kf2 Rf6+ 64. Ke2 Qf1+ 65. Kd2
Qa1 66. Qe4+ g6 67. Qh1+ 1-0

[Event "Najdorf Mem Open A 2016"]
[Site "Warsaw POL"]
[Date "2016.07.15"]
[Round "8.44"]
[White "Bartel, Marta"]
[Black "Skawinski, Arkadiusz"]
[Result "1/2-1/2"]
[WhiteTitle "WGM"]
[BlackTitle "FM"]
[WhiteElo "2260"]
[BlackElo "2355"]
[WhiteFideId "1123009"]
[BlackFideId "1126415"]
[EventDate "2016.07.08"]

1. d4 d5 2. c4 e6 3. Nf3 c6 4. Qc2 Nf6 5. Bg5 dxc4 6. Qxc4 b5 7. Qc2 a6 8. Nbd2
h6 9. Bxf6 gxf6 10. e3 Bb7 11. Be2 Nd7 12. a4 Be7 13. O-O Rc8 14. Rfd1 Qb6 15.
e4 c5 16. d5 c4 17. dxe6 fxe6 18. Nh4 Bc5 19. Bh5+ Kd8 20. Ndf3 Kc7 21. Ng6 Rhd8
22. axb5 axb5 23. Rab1 Qc6 24. Re1 Nf8 25. Nxf8 Bxf8 26. Re2 Kb8 27. Rd1 Rxd1+
28. Qxd1 Be7 29. h3 Rd8 30. Rd2 Rxd2 31. Qxd2 Qd6 32. Qxd6+ Bxd6 33. Be8 b4 34.
Bb5 c3 35. bxc3 bxc3 36. Bd3 Bc5 37. Bc2 Ba6 38. Ne1 Kc7 39. g4 Be2 40. Nd3 Kd6
41. Kg2 Bd4 42. Nf4 Bb5 43. Kf3 Bf1 44. h4 Be5 45. Nd3 Bd4 46. Nf4 Bb6 47. Nd3
e5 48. Kg3 Bc7 49. f3 Bb6 50. f4 exf4+ 51. Kxf4 Ke6 1/2-1/2

[Event "Najdorf Mem Open A 2016"]
[Site "Warsaw POL"]
[Date "2016.07.15"]
[Round "8.45"]
[White "Raja, Harshit"]
[Black "Andre, Gordon"]
[Result "1-0"]
[WhiteElo "2351"]
[BlackElo "2254"]
[WhiteFideId "5089000"]
[BlackFideId "4655354"]
[EventDate "2016.07.08"]

1. e4 e6 2. d4 d5 3. Nd2 Be7 4. Bd3 c5 5. dxc5 Nf6 6. Qe2 O-O 7. Ngf3 a5 8. h4
h6 9. c3 Na6 10. e5 Nd7 11. Bc2 Naxc5 12. Nb3 b6 13. Bf4 f5 14. Nbd4 Qe8 15. Qe3
Qf7 16. h5 Ne4 17. Nd2 Ndc5 18. f3 Ng5 19. Kf2 Bd7 20. Rag1 b5 21. g4 Ra6 22. a3
a4 23. Nf1 Kh8 24. Bb1 Bc8 25. gxf5 exf5 26. Ng3 Nce6 27. Ngxf5 Nxd4 28. Nxe7
Qxf4 29. Qxf4 Rxf4 30. cxd4 Rxf3+ 31. Ke2 Rb3 32. Nxc8 Rxb2+ 33. Ke3 Rb3+ 34.
Bd3 Rxa3 35. Nd6 Rb6 36. Ra1 Rb3 37. Rhb1 Rxb1 38. Rxb1 b4 39. Bb5 Ne4 40. Nxe4
Rxb5 41. Nc3 1-0

[Event "Najdorf Mem Open A 2016"]
[Site "Warsaw POL"]
[Date "2016.07.15"]
[Round "8.46"]
[White "Heinemann, Josefine"]
[Black "Lewicki, Miroslaw"]
[Result "0-1"]
[WhiteTitle "WIM"]
[BlackTitle "CM"]
[WhiteElo "2216"]
[BlackElo "2329"]
[WhiteFideId "12900460"]
[BlackFideId "1113380"]
[EventDate "2016.07.08"]

1. e4 c5 2. Ne2 d6 3. g3 Nf6 4. Bg2 g6 5. c3 Bg7 6. d4 cxd4 7. cxd4 O-O 8. Nbc3
Nc6 9. h3 e5 10. Be3 a6 11. O-O b5 12. Rc1 Bb7 13. d5 Ne7 14. Qd2 Nd7 15. Rc2 f5
16. Rfc1 Nb6 17. b3 fxe4 18. Bxe4 Rc8 19. a3 Nd7 20. a4 b4 21. Nd1 Rxc2 22. Rxc2
a5 23. Bg2 Nf5 24. Nb2 Nxe3 25. Qxe3 Nc5 26. Nc4 Ba6 27. Nc1 Bxc4 28. Rxc4 Qf6
29. Rc2 Qf5 30. Re2 Qh5 31. g4 Qh4 32. Rc2 Bh6 33. Qe2 Bxc1 34. Rxc1 Nxb3 35.
Rf1 Nc5 36. Qb5 Qd8 37. Kh2 b3 38. g5 Rf4 39. Qc6 Rb4 40. Bf3 Rb6 0-1

[Event "Najdorf Mem Open A 2016"]
[Site "Warsaw POL"]
[Date "2016.07.15"]
[Round "8.47"]
[White "Polok, Kacper"]
[Black "Kowalczyk, Rafal"]
[Result "1-0"]
[WhiteTitle "FM"]
[WhiteElo "2292"]
[BlackElo "2204"]
[WhiteFideId "1137158"]
[BlackFideId "1133853"]
[EventDate "2016.07.08"]

1. e4 e5 2. Nf3 Nc6 3. Bb5 a6 4. Ba4 Nf6 5. Qe2 b5 6. Bb3 Be7 7. c3 d5 8. d3 O-O
9. Nbd2 Re8 10. O-O Bf8 11. Rd1 h6 12. Nf1 Na5 13. Bc2 c5 14. h3 Bb7 15. g4 g6
16. Ng3 Nh7 17. a3 d4 18. Kh1 Bc8 19. b4 Nc6 20. cxd4 cxd4 21. Bb3 a5 22. Bd5
Ra6 23. bxa5 Nxa5 24. Rg1 Nb7 25. Qa2 Nd6 26. Bd2 Qf6 27. Kg2 Bd7 28. Bb4 Nc8
29. Qd2 Kg7 30. Nh2 Nb6 31. Bb3 Rea8 32. Bxf8+ Nxf8 33. Kh1 Rxa3 34. Rxa3 Rxa3
35. Qb4 Ra8 36. h4 Ne6 37. Nf5+ gxf5 38. gxf5+ Kh7 39. Qd6 Na4 40. Qxd7 Nec5 41.
Qxb5 Nxb3 42. Qxb3 Nc3 43. Qb7 Re8 44. Nf3 Ne2 45. Rg4 Kh8 46. Qd7 Ra8 47. Qc7
Re8 48. Kh2 Kh7 49. Rg6 Qe7 50. Qxe7 Rxe7 51. f6 Re6 52. Rg7+ Kh8 53. Rxf7 Kg8
54. Rg7+ Kf8 55. Rg6 Kf7 56. Rxh6 Rxf6 57. Nxe5+ 1-0

[Event "Najdorf Mem Open A 2016"]
[Site "Warsaw POL"]
[Date "2016.07.15"]
[Round "8.48"]
[White "De Marchi, Olivier"]
[Black "Dzierzak, Radoslaw"]
[Result "0-1"]
[WhiteTitle "FM"]
[WhiteElo "2286"]
[BlackElo "2204"]
[WhiteFideId "613517"]
[BlackFideId "1161407"]
[EventDate "2016.07.08"]

1. d4 Nf6 2. c4 e6 3. g3 d5 4. Bg2 Be7 5. Nf3 O-O 6. O-O dxc4 7. Ne5 Nc6 8. Nxc6
bxc6 9. Na3 Bxa3 10. bxa3 Ba6 11. Bxc6 Rb8 12. Qa4 Rb6 13. Bd2 Qd6 14. Bf3 Nd5
15. Rfb1 Rfb8 16. Rxb6 Qxb6 17. Rc1 Bb5 18. Qa5 Qxd4 19. Bxd5 Qxd5 20. Rb1 Rb6
21. e4 Qb7 22. Be3 Bc6 23. Bxb6 cxb6 24. Qd2 h6 25. f3 f5 26. exf5 exf5 27. Qf4
Bxf3 28. Qxf5 Be4 29. Qe6+ Kh7 30. Rf1 c3 31. Kf2 c2 32. Ke3 Bg6 33. Kf2 Qc7 34.
Qe3 Qc4 35. Rc1 Qxa2 36. g4 Qd5 37. h4 Qc4 38. h5 Bd3 39. Ke1 Qc3+ 40. Qd2 Qe5+
41. Kf2 Qc5+ 42. Kf3 Qxa3 43. Ke3 Bb5+ 44. Kf4 Ba4 45. g5 hxg5+ 46. Kxg5 Qg3+
47. Kf5 Bd7+ 48. Ke4 Qh4+ 49. Kd5 Bf5 50. Kc6 Qc4+ 51. Kb7 Qf7+ 52. Ka6 Qa2+ 53.
Kb7 Be4+ 54. Kc7 Qf7+ 55. Kd6 Qf6+ 56. Kd7 Bf5+ 57. Kc7 Qe7+ 58. Kc6 Qc5+ 59.
Kb7 b5 60. Qf4 Bd3 61. Re1 b4 62. h6 Ba6+ 0-1

[Event "Najdorf Mem Open A 2016"]
[Site "Warsaw POL"]
[Date "2016.07.15"]
[Round "8.49"]
[White "Tomaszewski, Kacper"]
[Black "Paszewski, Mateusz"]
[Result "0-1"]
[WhiteElo "2172"]
[BlackElo "2270"]
[WhiteFideId "1127373"]
[BlackFideId "1141058"]
[EventDate "2016.07.08"]

1. d4 d5 2. c4 c6 3. Nc3 Nf6 4. e3 e6 5. Nf3 Nbd7 6. Bd3 dxc4 7. Bxc4 b5 8. Bd3
Bb7 9. O-O a6 10. e4 c5 11. d5 c4 12. Bc2 Qc7 13. dxe6 fxe6 14. Ne2 Bd6 15. Ned4
Nc5 16. b4 Ncxe4 17. Nxe6 Qd7 18. Nc5 Bxc5 19. bxc5 O-O 20. Ba3 Rfe8 21. Qxd7
Nxd7 22. Nd4 Nexc5 23. f3 Bd5 24. Rfd1 Bf7 25. Bf5 Bg6 26. Bb2 Ne5 27. Ba3 Ned3
28. Bxg6 hxg6 29. Rab1 Ne6 30. Ne2 Rad8 31. Nc3 Nef4 32. Ne4 Rxe4 33. fxe4 Ne2+
34. Kf1 Nc3 35. Rbc1 Nxd1 36. Rxd1 Re8 0-1

[Event "Najdorf Mem Open A 2016"]
[Site "Warsaw POL"]
[Date "2016.07.15"]
[Round "8.50"]
[White "Lauber, Arnd"]
[Black "Gumularz, Szymon"]
[Result "1/2-1/2"]
[WhiteTitle "IM"]
[WhiteElo "2444"]
[BlackElo "2267"]
[WhiteFideId "4632630"]
[BlackFideId "1188062"]
[EventDate "2016.07.08"]

1. d4 d5 2. c4 c6 3. Nc3 Nf6 4. e3 e6 5. Nf3 Nbd7 6. Qc2 Bd6 7. b3 O-O 8. Be2 b6
9. Bb2 Bb7 10. O-O Qe7 11. Rad1 Rac8 12. Qb1 Rfd8 13. Rfe1 Bb4 14. Rf1 Bd6 15.
e4 Nxe4 16. Nxe4 dxe4 17. Qxe4 Nf6 18. Qh4 c5 19. Bd3 Bxf3 20. gxf3 cxd4 21.
Bxd4 h6 22. Kh1 Nd7 23. Qh3 Be5 24. Be3 Nc5 25. Bc2 Qf6 26. Rg1 Bf4 27. Bxf4
Qxf4 28. Qg4 Qxg4 29. fxg4 g5 30. Kg2 Kg7 31. Kf3 Kf6 32. Ke3 a5 33. f4 Ke7 34.
h4 gxf4+ 35. Kxf4 f6 36. Ke3 Rxd1 37. Rxd1 Rg8 38. Kf3 Nd7 39. Kf4 Ne5 40. Rg1
Nf7 41. Rd1 1/2-1/2

[Event "Najdorf Mem Open A 2016"]
[Site "Warsaw POL"]
[Date "2016.07.15"]
[Round "8.51"]
[White "Michalczak, Thomas"]
[Black "Arat, Ufuk Sezen"]
[Result "0-1"]
[WhiteTitle "FM"]
[BlackTitle "IM"]
[WhiteElo "2249"]
[BlackElo "2402"]
[WhiteFideId "4622634"]
[BlackFideId "6309089"]
[EventDate "2016.07.08"]

1. e4 g6 2. d4 Bg7 3. Nf3 d6 4. c3 a6 5. Bd3 Nd7 6. O-O c5 7. Re1 e6 8. Bg5 Ne7
9. Nbd2 h6 10. Nc4 Nb6 11. Bf4 Nxc4 12. Bxc4 b5 13. Bf1 cxd4 14. cxd4 O-O 15. a4
b4 16. Qd2 g5 17. Be3 a5 18. h4 g4 19. Nh2 h5 20. Bh6 Ng6 21. g3 Kh7 22. Bxg7
Kxg7 23. Rac1 e5 24. Bb5 Qf6 25. Red1 Rd8 26. Rc6 Bb7 27. dxe5 Nxe5 28. Rxd6
Rxd6 29. Qxd6 Qxd6 30. Rxd6 Rc8 31. f4 gxf3 32. Rd2 Bxe4 33. Kf2 Rc1 34. Ke3
Re1+ 35. Kf2 Rh1 36. Ke3 Bb7 37. Kf4 Ng6+ 38. Kg5 Rg1 39. Nf1 Bc8 40. Rf2 f6+ 0-1

[Event "Najdorf Mem Open A 2016"]
[Site "Warsaw POL"]
[Date "2016.07.15"]
[Round "8.52"]
[White "Strugnell, Carl"]
[Black "Stoma, Pawel"]
[Result "0-1"]
[WhiteTitle "FM"]
[WhiteElo "2238"]
[BlackElo "2365"]
[WhiteFideId "616753"]
[BlackFideId "1113569"]
[EventDate "2016.07.08"]

1. e4 c6 2. d4 g6 3. f4 Bg7 4. Nf3 d6 5. c3 Nf6 6. Bd3 O-O 7. O-O Nbd7 8. e5 Ng4
9. Ng5 Nh6 10. e6 Nf6 11. Qe1 Bxe6 12. Nxe6 fxe6 13. Qxe6+ Kh8 14. Nd2 Nd5 15.
g3 Nc7 16. Qe2 Qd7 17. Nf3 Rae8 18. Qc2 Qg4 19. Kg2 Nd5 20. h3 Qd7 21. Bd2 b5
22. Rae1 e6 23. Re2 Nf5 24. Rfe1 a5 25. Ng5 Rf6 26. g4 Nh6 27. Kg3 Nc7 28. Kh2
Ng8 29. a4 Ne7 30. Qb3 Ned5 31. axb5 cxb5 32. Kg3 a4 33. Qa2 Nb6 34. Qb1 Nc4 35.
b3 Nxd2 36. Rxd2 Qc6 37. bxa4 bxa4 38. c4 Rff8 39. Bxg6 Rb8 40. Nf7+ Rxf7 41.
Qxb8+ Rf8 42. Qb1 hxg6 43. Qxg6 Qxc4 44. Qc2 Qxc2 45. Rxc2 Nb5 46. Rc4 Ra8 0-1

[Event "Najdorf Mem Open A 2016"]
[Site "Warsaw POL"]
[Date "2016.07.15"]
[Round "8.53"]
[White "Przedmojski, Rafal"]
[Black "Jaroch, Karol"]
[Result "1-0"]
[WhiteElo "2337"]
[BlackElo "2203"]
[WhiteFideId "1102451"]
[BlackFideId "1130609"]
[EventDate "2016.07.08"]

1. d4 e6 2. c4 Nf6 3. g3 Be7 4. Bg2 d5 5. Nd2 O-O 6. Ngf3 b6 7. O-O Bb7 8. b3 c5
9. Bb2 Nc6 10. dxc5 bxc5 11. cxd5 exd5 12. Rc1 Qa5 13. Ne1 Nb4 14. a3 Na6 15.
Nd3 Qb6 16. Qc2 Rfe8 17. e3 Rad8 18. Rfd1 Bf8 19. Nf4 Ng4 20. h3 Ne5 21. Bxe5
Rxe5 22. Nf3 Ree8 23. Ng5 Qh6 24. Qf5 f6 25. Nge6 Rd6 26. Nxc5 Re5 27. Qd3 Nxc5
28. Rxc5 Ba6 29. Qc2 d4 30. Bd5+ Rdxd5 31. Rxd5 dxe3 32. Qc6 exf2+ 33. Kxf2 g5
34. Rxe5 gxf4 35. Qxa6 fxg3+ 36. Kg2 Qf4 37. Qe6+ 1-0

[Event "Najdorf Mem Open A 2016"]
[Site "Warsaw POL"]
[Date "2016.07.15"]
[Round "8.54"]
[White "Buckels, Valentin"]
[Black "Karpus, Michal"]
[Result "1/2-1/2"]
[BlackTitle "FM"]
[WhiteElo "2332"]
[BlackElo "2179"]
[WhiteFideId "12942766"]
[BlackFideId "1174088"]
[EventDate "2016.07.08"]

1. Nf3 Nf6 2. c4 g6 3. g3 Bg7 4. Bg2 d5 5. cxd5 Nxd5 6. O-O Nb6 7. Nc3 Nc6 8. d3
O-O 9. Be3 e5 10. Qd2 Re8 11. Bg5 f6 12. Bh6 Nd4 13. Bxg7 Kxg7 14. Rac1 c6 15.
Ne4 Bg4 16. Nxd4 exd4 17. h3 Be6 18. Nc5 Qe7 19. Qf4 Rad8 20. e4 dxe3 21. fxe3
Nd5 22. Qf2 Bc8 23. e4 Nb4 24. Rcd1 Nxa2 25. d4 b6 26. Nd3 Rf8 27. Ra1 Ba6 28.
Qe3 Bxd3 29. Qxd3 Nb4 30. Qc3 a5 31. Kh2 Rd6 32. Rae1 Re6 33. Re2 Rd8 34. Ref2
Rf8 35. Kh1 Qd8 36. g4 h6 37. b3 Rd6 38. e5 Re6 39. Kg1 Nd5 40. Qg3 g5 41. Bxd5
Qxd5 42. exf6+ Rexf6 43. Rxf6 Rxf6 44. Qc7+ Qf7 45. Qe5 b5 46. Rf2 Qe6 47. Rxf6
Qxf6 48. Qc5 Qe6 49. Qa7+ Kg6 50. Qxa5 Qe3+ 51. Kg2 Qxb3 52. Qb6 Qc2+ 53. Kf3
Qc4 54. Ke3 Kf7 55. Qc7+ Ke8 56. Qc8+ Ke7 57. Qc7+ Ke6 58. Qc8+ Kf6 59. Qd8+ Kg7
60. Qd7+ Qf7 61. Qxc6 b4 62. d5 Qf4+ 63. Kd3 Qf3+ 64. Kc2 Qxh3 65. Qd7+ Kf6 66.
Qe6+ Kg7 67. Qe5+ Kf7 68. d6 Qc3+ 69. Qxc3 bxc3 70. Kxc3 Ke6 71. Kd4 Kxd6 72.
Ke4 Ke6 73. Kd4 Kf6 74. Ke4 Kg6 75. Kf3 Kf7 76. Ke3 Ke7 77. Kd3 Kd7 78. Ke3 Kd6
79. Ke4 Ke6 80. Kd4 1/2-1/2

[Event "Najdorf Mem Open A 2016"]
[Site "Warsaw POL"]
[Date "2016.07.16"]
[Round "9.1"]
[White "Melkumyan, Hrant"]
[Black "Gajewski, Grzegorz"]
[Result "0-1"]
[WhiteTitle "GM"]
[BlackTitle "GM"]
[WhiteElo "2640"]
[BlackElo "2605"]
[WhiteFideId "13302485"]
[BlackFideId "1116207"]
[EventDate "2016.07.08"]

1. d4 Nf6 2. Nf3 d5 3. Bf4 e6 4. e3 c5 5. Nbd2 Nc6 6. c3 Bd6 7. Bg3 O-O 8. Bb5
Ne7 9. Bd3 Nf5 10. Bxd6 Qxd6 11. O-O b6 12. Ne5 Qc7 13. Qf3 Nd6 14. Qf4 Bb7 15.
f3 Nd7 16. Qh4 Nf5 17. Bxf5 exf5 18. Nxd7 Qxd7 19. dxc5 bxc5 20. Qf4 a5 21. Rfd1
Rfe8 22. c4 Qe6 23. Rac1 Rad8 24. Nf1 g6 25. Qc7 Ba6 26. b3 Rc8 27. cxd5 Rxc7
28. dxe6 Rxe6 29. Rc3 Rec6 30. Rdc1 Rd6 31. R3c2 Rcd7 32. Kf2 Rd1 33. Rxd1 Rxd1
34. Ng3 Bd3 35. Rxc5 Rd2+ 36. Kg1 Rxa2 37. Rc3 Bb5 38. h4 Kg7 39. Rc5 Bd7 40. h5
Be6 41. Rb5 Ra3 42. e4 fxe4 43. Nxe4 Bxb3 44. hxg6 hxg6 45. Kf2 a4 46. Ra5 Ra2+
47. Kg3 a3 48. Kf4 Ra1 49. g4 a2 50. Nc3 f6 51. Ra7+ Bf7 52. Ne4 Rd1 0-1

[Event "Najdorf Mem Open A 2016"]
[Site "Warsaw POL"]
[Date "2016.07.16"]
[Round "9.2"]
[White "Smirin, Ilia"]
[Black "Fier, Alexandr"]
[Result "1/2-1/2"]
[WhiteTitle "GM"]
[BlackTitle "GM"]
[WhiteElo "2676"]
[BlackElo "2616"]
[WhiteFideId "2801990"]
[BlackFideId "2107139"]
[EventDate "2016.07.08"]

1. e4 c5 2. Nf3 e6 3. d4 cxd4 4. Nxd4 Nc6 5. Nc3 Qc7 6. f4 a6 7. Nxc6 Qxc6 8.
Bd3 b5 9. Qe2 Bb7 10. Bd2 Bc5 11. O-O-O Ne7 12. a3 O-O 13. Rhf1 f5 14. g4 d5 15.
gxf5 exf5 16. e5 d4 17. Na2 Qh6 18. Kb1 Nd5 1/2-1/2

[Event "Najdorf Mem Open A 2016"]
[Site "Warsaw POL"]
[Date "2016.07.16"]
[Round "9.4"]
[White "Efimenko, Zahar"]
[Black "Salem, A.R. Saleh"]
[Result "1/2-1/2"]
[WhiteTitle "GM"]
[BlackTitle "GM"]
[WhiteElo "2655"]
[BlackElo "2608"]
[WhiteFideId "14107201"]
[BlackFideId "9301348"]
[EventDate "2016.07.08"]

1. d4 Nf6 2. Nf3 g6 3. g3 Bg7 4. Bg2 d5 5. O-O O-O 6. c4 dxc4 7. Na3 c3 8. bxc3
c5 9. Re1 Nc6 10. Bb2 Nd5 11. e4 Nb6 12. h3 Na5 13. Rb1 Be6 14. d5 Bd7 15. c4
Bxb2 16. Rxb2 Nbxc4 17. Nxc4 Nxc4 18. Rxb7 Qc8 19. Rb1 Bxh3 20. Rc1 Nb6 21. Ne5
Bxg2 22. Kxg2 e6 23. Qf3 f5 24. Nc6 Qe8 25. exf5 Rxf5 26. Rxe6 Rxf3 27. Rxe8+
Rxe8 28. Kxf3 c4 29. d6 Re6 30. Rd1 Kf8 31. Nxa7 Ke8 32. Nb5 Kd7 33. Nc3 Rxd6
34. Ke4 Rxd1 35. Nxd1 Kc6 36. Kd4 Kb5 37. Ne3 Kb4 38. f4 h5 39. Nc2+ Kb5 40. Ne3
Kb4 41. Nc2+ Kb5 42. a3 Ka4 43. Kc5 Nc8 44. Kxc4 Nd6+ 45. Kd5 1/2-1/2